Länder mit Monarchien - Statistiken

Allgemein
  • Dieses Quiz wurde 146 mal gespielt
  • Das Durchschnittsergebnis liegt bei 20 aus 23
Antwortstatistiken
Monarch 🚩 Land % Korrekt
König Frederik X. 🇩🇰 Dänemark
98%
Kaiser Naruhito 🇯🇵 Japan
98%
König Willem Alexander 🇳🇱 Niederlande
98%
König Felipe VI. 🇪🇸 Spanien
98%
König Philippe 🇧🇪 Belgien
97%
König Carl Gustav XVI. 🇸🇪 Schweden
96%
König Charles III. 🇬🇧 Großbritannien
95%
König Harald V. 🇳🇴 Norwegen
94%
Fürst Albert II. 🇲🇨 Monaco
93%
Großherzog Heinrich von Nassau 🇱🇺 Luxemburg
92%
König Salman ibn Abd al-Aziz 🇸🇦 Saudi-Arabien
92%
König (Rama) Maha Vajiralongkorn 🇹🇭 Thailand
92%
König Abdullah bin al Hussein II. 🇯🇴 Jordanien
89%
Fürst Hans - Adam II. 🇱🇮 Liechtenstein
88%
Emir Tamimi bin Hamad Al Thani 🇶🇦 Katar
84%
Sultan Haitham bin Tariq bin Taymur al-Sa'id 🇴🇲 Oman
83%
Emir Hamad bin Isa Al-Khalifa 🇧🇭 Bahrain
81%
Scheich Nawaf al-Ahmad al-Dschabir as-Sabah 🇰🇼 Kuwait
81%
Präsident /Sultan Muhammad bin Zayid Al Nahyan 🇦🇪 Vereinigte Arabische Emirate
81%
König Mohammed VI. 🇲🇦 Marokko
77%
König Jigme Khesar Namgyel Wangchuck 🇧🇹 Bhutan
75%
Sultan Hassanal Bolkiah 🇧🇳 Brunei
71%
König Norodom Sihamoni 🇰🇭 Kambodscha
59%
Keine übereinstimmenden Quizze gefunden
Verteilung der Resultate
Anzahl Personen mit jedem Resultat
Perzentil nach korrekt beantworteten Fragen
Ihre Resultats-Entwicklung
Sie haben dieses Quiz noch nicht gespielt